Účtovné zobrazenie a vykázanie dlhodobého hmotného majetku ako významnej súčasti majetku účtovnej jednotky v účtovnej závierke diplomová práca

Na minha lista:
Detalhes bibliográficos
Autor principal: Bohunická, Katarína
Autor Corporativo: Fakulta hospodárskej informatiky EU. Katedra účtovníctva a audítorstva
Outros Autores: Kňažková, Veronika, 1986-
Formato: Livro
Idioma:eslovaco
Publicado em: Bratislava 2019
Tags: Adicionar Tag
Sem tags, seja o primeiro a adicionar uma tag!

MARC

LEADER 00000nbm a2200000 4500
001 0255760
005 20200110145326.3
041 0 |a slo 
044 |a SK 
245 1 0 |a Účtovné zobrazenie a vykázanie dlhodobého hmotného majetku ako významnej súčasti majetku účtovnej jednotky v účtovnej závierke  |b diplomová práca  |c Katarína Bohunická ; školiteľ: Veronika Kňažková 
264 1 |a Bratislava  |c 2019 
300 |a 66 s. 
100 1 |a Bohunická, Katarína 
700 1 |a Kňažková, Veronika, 1986- 
710 2 |a Fakulta hospodárskej informatiky EU. Katedra účtovníctva a audítorstva